000 00780nam a2200205Ia 4500
003 IN-BaIIA
008 211028s9999 xx 000 0 eng d
020 _a90-277-1229-8
040 _cIIA Library
080 _a52-37
_bORI
111 _aISSOL Meeting and the Sixth ICOL Meeting Jerusalem
_n3rd
_d1980 June 22-27
_912091
245 0 _aOrigin of life
_bproceedings of the third ISSOL meeting and the sixth ICOL meeting Jerusalem, June 22-27, 1980
_cedited by Yecheskel Wolman
260 _aDordrecht
_bD. Reidel Publishing
_c1981
300 _axv, 613p.
650 _aAstronomy and Astrophysics thesaurus
650 _aExtraterrestrial life
_94250
650 _aOrigin of life
_93519
700 _aWolman, Yecheske.,l. ed.
_912092
942 _cBK
999 _c7066
_d7066